বাংলাদেশের অভ্যুদয় : (Record no. 2218)
[ view plain ]
| 000 -LEADER | |
|---|---|
| fixed length control field | 00671nam a2200217 a 4500 |
| 001 - CONTROL NUMBER | |
| JCCL Control Number | 2218 |
| 003 - CONTROL NUMBER IDENTIFIER | |
| JCCL marc code | BD-JhCC |
| 005 - DATE AND TIME OF LATEST TRANSACTION | |
| control field | 20181002173037.0 |
| 008 - FIXED-LENGTH DATA ELEMENTS--GENERAL INFORMATION | |
| fixed length control field | 171031s1998 bg |||| ||a| 000 0 ben d |
| 020 ## - INTERNATIONAL STANDARD BOOK NUMBER | |
| International Standard Book Number | 9844101026 |
| 035 ## - SYSTEM CONTROL NUMBER | |
| system control number | (BD-JhCC)2218 |
| 040 ## - CATALOGING SOURCE | |
| Original cataloging agency | BD-JhCC |
| Modifying agency | BD-JhCC |
| 041 ## - LANGUAGE CODE | |
| Language code of Book | ben |
| 082 ## - DEWEY DECIMAL CLASSIFICATION NUMBER | |
| Classification number | 954.92 |
| Author mark and Year | SOB 1998 |
| 100 ## - MAIN ENTRY--PERSONAL NAME | |
| Personal name | সোবহান, রেহমান |
| 245 ## - TITLE STATEMENT | |
| Title | বাংলাদেশের অভ্যুদয় : |
| Remainder of title | একজন প্রত্যক্ষদর্শীর ভাষ্য / |
| Statement of responsibility, etc | রেহমান সোবহান, |
| 300 ## - PHYSICAL DESCRIPTION | |
| Pagination | 128 p. : |
| Dimensions | 22 cm. |
| 650 ## - SUBJECT ADDED ENTRY--TOPICAL TERM | |
| Topical term or geographic name as entry element | Bangladesh |
| 942 ## - ADDED ENTRY ELEMENTS (KOHA) | |
| Source of classification or shelving scheme | Dewey Decimal Classification |
| Koha item type | Books |
| Source of classification or shelving scheme | Damaged status | Not for loan | Home library | Current library | Shelving location | Cost, normal purchase price | Total Checkouts | Full call number | Barcode | Date last seen | Copy number | Koha item type | Date of accession |
|---|---|---|---|---|---|---|---|---|---|---|---|---|---|
| Dewey Decimal Classification | JCC Rouf Library | JCC Rouf Library | General Stacks | 140.00 | 954.92 SOB 1998 | 3410 | 10/31/2017 | C-1 | Books | ||||
| Dewey Decimal Classification | JCC Rouf Library | JCC Rouf Library | General Stacks | 140.00 | 954.92 SOB 1998 | 10433 | 10/02/2018 | C-2 | Books | 10/02/2018 |